000
00326nam a2200157Ia 4500
003
OSt
005
20240104120556.0
008
170524s9999 xx 000 0 und d
020
_a
9780070612211
040
_c
iimtu
100
_a
Singh MD
245
0
_a
Power Electronic
260
_b
TMH
260
_c
2007
942
_2
ddc
_c
02
999
_c
5027
_d
5027